[Event "TUR-chT2"]
[Site "Konya"]
[Date "2015.07.28"]
[Round "5.7"]
[White "Gokce, Mevlut Kutsot"]
[Black "Sen, Sezgin"]
[Result "1/2-1/2"]
[WhiteElo "1736"]
[BlackElo "1829"]
[PlyCount "93"]
[EventDate "2015.07.25"]
[EventType "team-swiss"]
[EventRounds "9"]
[EventCountry "TUR"]
[SourceTitle "CBM 167 Extra"]
[Source "ChessBase"]
[SourceDate "2015.09.14"]
[SourceVersion "1"]
[SourceVersionDate "2015.09.14"]
[SourceQuality "1"]
[WhiteTeam "Denizli Pausa"]
[BlackTeam "Izmir Karsiyaka"]
[WhiteTeamCountry "TUR"]
[BlackTeamCountry "TUR"]

1. d4 d5 2. Nf3 Nf6 3. c4 e6 4. Nc3 Nbd7 5. cxd5 exd5 6. Bf4 c6 7. a3 Be7 8. e3 0-0 9. Bd3 Re8 10. 0-0 Nf8 11. Ne5 Bd6 12. Qc2 Ng4 13. Nxg4 Bxf4 14. Bf5 Bd6 15. h3 h5 16. Nh2 Qf6 17. Bxc8 Raxc8 18. Qe2 Qh6 19. b4 g5 20. b5 Ng6 21. g3 Re6 22. bxc6 bxc6 23. Rab1 Rce8 24. Nd1 f5 25. Rb7 f4 26. Qf3 Rf8 27. Qg2 g4 28. hxg4 hxg4 29. Nxg4 Qh5 30. Qh2 Qxh2+ 31. Kxh2 fxg3+ 32. Kg1 Nh4 33. fxg3 Rxf1+ 34. Kxf1 Bxg3 35. Rxa7 Rg6 36. Ra8+ Kg7 37. Ra7+ Kf8 38. Ne5 Bxe5 39. dxe5 Nf3 40. Ke2 Nxe5 41. Kd2 Nc4+ 42. Kd3 Rg1 43. Nc3 Re1 44. Ra8+ Ke7 45. Ra7+ Kd6 46. Ra8 Rxe3+ 47. Kc2 1/2-1/2

[Event "Kemer Turkey Cup"]
[Site "Kemer"]
[Date "2014.02.02"]
[Round "2"]
[White "Gokce, Mevlut Kutsot"]
[Black "Altundal, Aram"]
[Result "0-1"]
[WhiteElo "1791"]
[BlackElo "1658"]
[PlyCount "62"]
[EventDate "2014.02.01"]
[EventType "swiss"]
[EventRounds "9"]
[EventCountry "TUR"]
[SourceTitle "CBM 158 Extra"]
[Source "ChessBase"]
[SourceDate "2014.02.28"]
[SourceVersion "1"]
[SourceVersionDate "2014.02.28"]
[SourceQuality "1"]

1. d4 Nf6 2. g3 d5 3. Bg2 e6 4. c4 c6 5. Nc3 Be7 6. Nf3 0-0 7. cxd5 exd5 8. Qb3 Qb6 9. Qxb6 axb6 10. Ne5 Na6 11. 0-0 Bf5 12. a3 Bd6 13. f4 Nb4 14. Bd2 Nc2 15. Rac1 Nxd4 16. Be3 Bc5 17. Kf2 Rfe8 18. h3 Nb3 19. Bxc5 Nxc1 20. Bxb6 Nb3 21. g4 Bc8 22. e4 d4 23. Ne2 c5 24. g5 Nd7 25. Nc4 Re6 26. Bc7 Rc6 27. Bd6 Ra4 28. e5 Rxc4 29. Bxc6 bxc6 30. f5 Nb6 31. Nf4 Bxf5 0-1

[Event "Kemer Turkey Cup"]
[Site "Kemer"]
[Date "2014.02.01"]
[Round "1"]
[White "Ibik, Halit Yavuz"]
[Black "Gokce, Mevlut Kutsot"]
[Result "1/2-1/2"]
[WhiteElo "1659"]
[BlackElo "1791"]
[PlyCount "71"]
[EventDate "2014.02.01"]
[EventType "swiss"]
[EventRounds "9"]
[EventCountry "TUR"]
[SourceTitle "CBM 158 Extra"]
[Source "ChessBase"]
[SourceDate "2014.02.28"]
[SourceVersion "1"]
[SourceVersionDate "2014.02.28"]
[SourceQuality "1"]

1. e4 e6 2. d4 d5 3. exd5 exd5 4. Nc3 Nf6 5. Bd3 Bd6 6. Bg5 c6 7. Qd2 0-0 8. 0-0-0 b5 9. f3 a5 10. g4 a4 11. h4 b4 12. Nce2 b3 13. a3 Qe7 14. c3 Ba6 15. Bxf6 Qxf6 16. g5 Qe7 17. Bxa6 Nxa6 18. Nh3 Nc7 19. Nf2 Nb5 20. Nd3 Nxa3 21. bxa3 Bxa3+ 22. Kb1 Rfb8 23. Rhe1 Bd6 24. Nec1 Qb7 25. Rg1 a3 26. Rg2 Qd7 27. Nb4 Bxb4 28. cxb4 Qf5+ 29. Qd3 Qh3 30. Re2 Rxb4 31. Nxb3 Qxh4 32. Qe3 g6 33. Ka2 Rab8 34. Rd3 Qh1 35. Re1 Qh2+ 36. Re2 1/2-1/2